=LDR 00000nam 2200000 4500 =001 INLIS000000000013435 =005 20130612104829 =008 ***********************************Ind** =035 ##$$0010-061300000013435 =041 ##$$a Ind =082 ##$$a 641.5 =090 ##$$a 641.5, Ell b =100 ##$$a Ella, Mei Wong =245 ##$$a Buku resep masakan makanan sederhana Indonesia dan Malaysia, Ella Mei Wong;Penerjemah, Suwandi =260 ##$$a (s.a) $b Jakarta =300 ##$$a 131 hlm, Ilus, 25 cm =650 ##$$a Masakan =700 ##$$a Suwandi =850 ##$$a NBPNMAT